00756nam a2200193 i 450000100060000000300090000600500170001500700030003200800410003511000550007624500750013126000280020630000290023450000590026361000690032285200320039199900170042395201220044083053ES-MaACL20230906174754.0t|041115s1970 sp ||||1| spa d2 aInstituto Nacional de la Vivienda (España)9517410aMemoria de actividades b: 1968 / cInstituto Nacional de la Vivienda. a[S.l. : bs.n., c1970] a37 p. : bil. ; c23 cm. aVa anejo 1 v. sobre "Disposiciones legales año 1968"24aInstituto Nacional de la Vivienda (España)-vMemorias.9170427 aES-MaACLjC-44493 bR.75036 c83053d83053 00104070aATENEOMbATENEOMcDEPO2d2008-01-17eSCl0oC-44493p1086790r2023-02-23 00:00:00w2023-02-23yMONOGRAFIA